000 02270njm a2200313Ia 4500
001 40508
003 IT-RoPAU
005 20220918181109.0
008 131025s9999 xx 000 0 und d
040 _aIT-RoPAU
040 _cIT-RoPAU
041 _aLATINO
999 _c98849
_d98849
999 _bn.d.
100 _aAnonimo
_9883
100 _eAutore musica
_921932
100 _gCodice autore musica SPICS: 2620
_9885
245 _aAve Maria madre di Dio
250 _a1a ed.
260 _aROMA
260 _bEP - MUSICALI E DISCOGRAFICHE
_c1986 [1a Ed.:1986]
300 _aMUSICASSETTA
300 _c122 minuti (Testo: 24 pag.)
500 _aMusica religiosa. Canto gregoriano. Canto liturgico. Antifone. Madonna. Salterio.
505 _aSalve Regina (Coro dei Trappisti di Citeaux) - Maria Madre di Dio (Coro dei Monaci di Liguge') - Salve Regina di Citeaux - Alleluia -Magnificat - Ora Terza al Monastero (Epifania) - Libera me - Chorus angelorum clementissime - Verbum caro Magnificat (tono solenne) - Sanctorum meritis - Jesu corona virginum (Inno) - Ave Maria (Offertorio) - Pueri hebraeorum gloria laus (Dom. delle Palme) - Rorate (Avvento) - Alma Redemptoris - O admirabile dixit Dominus - Quando natus laudate - Rubum laetatus sum - Ecce Maria - Nisi Dominus - Verbum caro - A solis ortus cardine - Magnum hereditatis magnificat - Salve sancta parens - Gabriel angelus - Quomodo - Ecce ancilla - Exsurgens Maria - Intravit Maria - Cum Audisset - Genuit puerpera sancta - Gaude Dei genitrix fili - Quo Abiit - Venite - Summae Deus - Recordare - Laetare Virgo - Ascendit Deus - Spiritus Domini - Assumpta est - Exaltata est - Virgo prudentissima - Tota pulchra es - Regina coeli - Jucundare Filia Sion - Ne timeas Maria - Beata es Maria - Exulta satis - Ecce Virgo - Primo tempore - Beata Dei genitrix - Genuit puerpera regem - Vultum tuum - Virgo Dei genitrix - Ave Maria - Adorna - Ave regina caelorum - Lamentazione: O vos omnes - Alleluia, virga Jesse - Exaltata est - Ave Maris stella - Regina caeli - Salve sancta parens - O quam glorifica - Salve regina
511 _aCoro dei Padri di Chevilly
650 _aGREGORIANO [CASSETTE]
_eCodice MATERIA SPICS: 9951
_915085
700 _aAA.VV.
_eInterprete
_gCodice interprete SPICS: 12000
_921933
942 _cMC
_2ddc